000 00848nam a2200265 a 4500
001 71783
003 BD-RjUL
005 20211209082148.0
008 170508s1922 enka 000 0 eng d
035 _a(BD-RjUL)71999
040 _aKKA
_cKKA
_dBD-RjUL
_beng
041 _aeng
082 _223
_a311.11
_bSEE 1922
100 1 _aSearle, G. F. C.
_q(George Frederick Charles),
_d1864-1954.
_9212364
245 1 0 _aExperimental harmonic motion :
_ba manual for the laboratory /
_cby G.F.C. Searle.
250 _a2nd ed.
260 _aCambridge :
_bUniversity Press,
_c1922.
300 _ax, 100 p. :
_bill. ;
_c22 cm.
490 _aCambridge physical series
650 0 _aMotion
_9212365
_xPhysics
650 0 _aVibration
_xquantum mechanics
_9212731
650 0 _aKinematics.
_9212366
830 0 _aCambridge physical series
_9204388
942 _2ddc
_cBK
999 _c71783
_d71783